| 000 | 00451nam a2200145 a 4500 | ||
|---|---|---|---|
| 001 | 000048552 | ||
| 005 | 20201002061232.0 | ||
| 008 | 190329s2016 dr a r 000 0 spa d | ||
| 040 |
_aDO-SdBNP _bspa _cBNPHU |
||
| 082 |
_axxxx _bS623d |
||
| 245 | 0 | 0 |
_aSituación de los Derechos Humanos en la República Dominicana : _binforme 2016. |
| 260 |
_aSanto Domingo : _bCentro Bonó, _c2016. |
||
| 300 |
_a72 p. : _bil. ; _c26 cm. |
||
| 590 | _aInventariado, 2019/BT | ||
| 999 |
_c48040 _d48040 |
||